000 00553nam a2200181 i 4500
001 65527
003 ES-MaACL
005 20230906165411.0
007 t|
008 040115s1967 sp ||||1| spa d
100 1 _aFried, Emile.
_952605
245 1 3 _aEl amor en el matrimonio y en la vida sexual /
_cEmilia Fried, Pablo Fried ; [traducción Arturo Roca].
260 _a[Barcelona :
_bMateu,
_c1967]
300 _a266 p. :
_bil. ;
_c22 cm.
700 1 _aRoca, Arturo.
_997970
700 1 _aFried, Paul.
_952608
852 _aES-MaACL
_jC-31764
_bR.64292
999 _c65527
_d65527